Очерки о Вселенной (Запис № 442401)

МАРК-запис
000 -Лідер
fixed length control field 00647nam a22002057a 4500
003 - Ідентифікатор контрольного номера
control field UA-OsUOA
005 - Дата та час останнього входження (трансакції)
control field 20191003101108.0
008 - Елементи даних фіксованої довжини – загальна інформація
fixed length control field 191003b un ||||| |||| 00| 0 ukr d
040 ## - Джерело каталогізації
Агенція оригінальної каталогізації UA-OsUOA
Мова каталогізації ukr
Агенція, яка здійснювала перезапис UA-OsUOA
Агенція, яка здійснювала модифікацію UA-OsUOA
041 ## - Код мови
Код мови тексту/ звукової доріжки чи окремого заголовка (П) ukr
080 ## - Індекс Універсальної десяткової класифікації
Індекс Універсальної десяткової класифікації (УДК) (НП) 52
090 ## - Локальний шифр розміщення
Класифікаційний індекс УДК 52
Авторський знак (НП) В75
100 ## - Основне введення – ім’я особи
Ім’я особи (НП) Воронцов - Вельяминов Б. А.
245 ## - Відомості про назву
Назва (НП) Очерки о Вселенной
Дані про відповідальність (НП) Б. А. Воронцов - Вельяминов ; ред. С. Куликов
250 ## - Відомості про видання (редакцію)
Відомості про видання (редакцію) (НП) изд. седьмое, перераб. и доп.
260 ## - Публікація, розповсюдження і т.п. (Вихідні дані)
Місце публікації, розповсюдження і т.п. (П) Москва
Ім’я/ наймення видавництва, розповсюджувача і т.п. (П) Наука
Дата публікації, розповсюдження і т.п. (П) 1975
300 ## - Фізичний опис
Обсяг 720 с.
942 ## - Додаткові елементи входу (Коха)
Source of classification or shelving scheme Universal Decimal Classification
Тип елемента Koha Книги
955 ## - Код типу видання за змістом
Код типу видання за змістом (НП) Науково-популярні видання
Фонди
Стан вилучень Стан втрат Джерело класифікації або схеми стелажів Стан уражень Не для кредиту Постійне місце розташування Поточне розміщення Дата придбання Інвентарний номер Усього замовленно Повний номер виклику Штрих-код Дата останнього перегляду Ціна ефективна від Тип елемента Koha
    Universal Decimal Classification     АБ - Абонемент НБ АБ - Абонемент НБ 03/10/2010 27540   52 В75 27540 25/05/2022 03/10/2019 Книги